00292nam a2200133Ia 45000010005000000080041000050200014000460820026000601000018000862450017001042600009001219010011001309990017001411213241024s9999 xx 000 0 und d a1020-7074 a[*SIN CLASIFICACION*] a[*SIN AUTOR*] 0aRevista OMPI bOMPI a1/2/13 c12445d12445